00833nam a2200253 a 450000100060000000300090000600800410001502000180005604000280007404100080010210000290011024500850013925000230022426000570024730000110030450000420031561000410035765000270039865000220042565000340044765000370048165000310051870000300054925772CO-ViMGA141112s2004 ck r 000 u spa d a9789581602089 aCO-ViMGAbspacCO-ViMGA aSPA1 aChambers, Aidan, 1934 - 10aEl juego de los besos / cAidan Chambers ; traducción Juan Elías Tovar Cross a1a ed., 1a reimpr. aMéxico D.F. : bFondo Cultural Económico, c2013 a178 p. aTítulo original : The kissing game. aPREMIO HANS CHRISTIAN ANDERSEN, 200214aADOLESCENTES - NOVELA 14aAUTORES INGLESES 14aLITERATURA INGLESA - SIGLO XX14aMUCHACHOS ADOLESCENTES - NOVELA 14aNOVELA INGLESA - SIGLO XX 1 aTovar Cross, Juan Elías